000 00684nam a2200217 a 4500
001 000017112
005 20240502121040.0
008 100317s19uu dr a r 000 0 spa d
040 _aDO-SdBNP
_bspa
_cBNPHU
082 _a630
_bP643a
100 1 _aPilonero, Rosario
_937708
245 1 0 _aAgronomía y agricultura /
_cRosario Pilonero.
260 _aLa Vega, República Dominicana :
_bInstituto Técnico Salesiano,
_c[190?].
300 _a275 p. :
_bil. ;
_c27 cm.
650 0 _aAgricultura
_92309
650 4 _aQuímica agrícola
_937709
650 4 _aAgronomía
_937710
650 4 _aMeteorología agrícola
_937711
650 4 _aArboricultura
_922218
650 4 _aHorticultura
_91879
999 _c16638
_d16638